000 00735nam a2200277Ia 4500
003 OSt
005 20221007111914.0
006 a|||||r|||| 00| 0
007 ta
008 221006b |||||||| |||| 00| 0 eng d
020 _a8190585266
024 _a24,522
037 _cTextual
040 _aLCO
_cLCO
_beng
041 _2eng
_aeng
082 _aX577:545.1:(Z), Q0
100 _aKoul Autar Krishen
245 0 _aGuide to the WTO and GATT Economics, Law and Politics
250 _a2nd
260 _aNew
_bDelhi Satyam Law International India
_c2010
300 _a631
650 _a GATT
650 _aWTO
942 _hX577:545.1:(Z), Q0
_cTEXL
999 _c1194085
_d1194085